MHO program Can Tho University : Project assessment: MHO final evaluation workshop

Salvato in:
Dettagli Bibliografici
Ente Autore: Can Tho University, Viet Nam
Natura: Libro
Lingua:Undetermined
Pubblicazione: Cần Thơ Can Tho Univ. 2004
Soggetti:
Tags: Aggiungi Tag
Nessun Tag, puoi essere il primo ad aggiungerne! !
Thư viện lưu trữ: Trung tâm Học liệu Trường Đại học Cần Thơ
LEADER 00604nam a2200205Ia 4500
001 CTU_63704
008 210402s9999 xx 000 0 und d
082 |a 379.129 
082 |b C121 
110 |a Can Tho University, Viet Nam 
245 0 |a MHO program Can Tho University : 
245 0 |b Project assessment: MHO final evaluation workshop 
245 0 |c Can Tho University, Viet Nam 
260 |a Cần Thơ 
260 |b Can Tho Univ. 
260 |c 2004 
650 |a Education 
650 |x International cooperation 
904 |i Minh 
980 |a Trung tâm Học liệu Trường Đại học Cần Thơ